000 00596nam a2200205Ia 4500
001 65325
008 220322n2018 ii |||gr||||Z||||||465
020 _a9789386235466
082 _a621.3678
100 _aJoseph, George,
_eAuthor.
245 0 _aFundamentals of remote sensing
_cGeorge Joseph
_hTextual Documents
250 _a3rd ed.
260 _aHyderabad
_bUniversity Press
_c2018
300 _axviii, 605 p.:
_c20 cm.
653 _aElectromagnetic radiation
653 _aRadiometry
653 _aGeographical information system
700 _aJeganathan, C.,
_eAuthor.
942 _2ddc
_cBK
999 _c66425
_d66425